Responses for Show #8732 - Tuesday, November 1, 2022

2022 Tournament of Champions quarterfinal game 2.

Contestants

[<< previous game]

Christine Whelchel, a graduate assistant from Spring Hill, Tennessee

Andrew He, a software developer from San Francisco, California

Jonathan Fisher, an actor originally from Coral Gables, Florida

[next game >>]

Jeopardy! Round responses

EUROPEAN HAPPENINGS
SLOGANS & MOTTOES
CROCODILE POP
CATCH-2022
PLAYS & PLAYWRIGHTS
VWLLSS HWN
(Ken: Vowelless Hawaiian.)
    $200 13
taxes

Andrew
    $200 24
locally

Andrew
    $200 21
(Sir) Elton John

Jonathan
    $200 30
a fist bump

Triple Stumper
    $200 16
Desdemona

Jonathan
    $200 28
moana

Andrew
    $1,000 12
(Ken: Christine?)
(Christine: What are counties?)

cantons

Christine
    $400 22
integrity

Andrew
    $400 20
Peter Pan

Jonathan
    $400 29
infant formula

Andrew
    $400 15
Sweat

Jonathan
    $400 27
lei

Christine
    $600 11
(Jonathan: What is Norway?)

Denmark

JonathanChristine
    $600 17
dont tread on me

Jonathan
    $600 19
Batman

Jonathan
    $600 25
the Big Ten

Andrew
    $600 5
(Neil) Simon

Andrew
    $600 26
lanai

Andrew
    $800 10
the Red Army

Andrew
    $800 9
(Ken: [*], the candidate, yes.)

Frémont

Andrew
    $800 18
Rick and Morty

Jonathan
    $800 23
witchcraft

Jonathan
    $800 2
(Lorraine) Hansberry

Andrew
    $800 14
mahalo

Jonathan
    $1000 8
Canterbury

Jonathan
    $1000 7
a mind is a terrible thing to waste

Andrew
    $1000 6
Lyle (the Crocodile)

Jonathan
    $1000 4
Zelensky

Jonathan
    $1000 1
(Jonathan: I think I gotta do PLAYS & PLAYWRIGHTS for $1,000.)
(Ken: It's kind of your thing.)

Tony Kushner

Jonathan
    $1000 3
(Christine: What is wahune?)

wahine

AndrewChristine

Scores at the first commercial break (after clue 15):

Jonathan Andrew Christine
$4,600 $5,200 -$1,400

Scores at the end of the Jeopardy! Round:

Jonathan Andrew Christine
$8,200 $7,600 -$1,000

Double Jeopardy! Round responses

ART & ARTISTS
CROSSWORD CLUES "Q"
HE DIRECTED THAT?
BRIDGE
I BID
5 HEARTS
    $400 29
the Mona Lisa

Jonathan
    $400 22
quagmire

Christine
    $400 20
John Huston

Jonathan
    $400 27
canals

Jonathan
    $400 28
a watch

Andrew
    $400 30
Silicon Valley

Jonathan
    $800 23
Renoir

Andrew
    $800 21
Quasimodo

Jonathan
    $800 19
Staying Alive

Jonathan
    $800 26
the Rialto

Andrew
    $10,000 14
(Ken: Andrew?)
(Andrew: Uh...)

Brutus

Andrew
    $800 1
a Purple Heart

Christine
    $1200 8
Amy Sherald

Triple Stumper
    $1200 16
quince

Andrew
    $1200 5
Branagh

Andrew
    $1200 11
(Jonathan: What is the Magnificent Mile?)

Michigan Avenue

Jonathan
Triple Stumper
    $1200 12
Massachusetts

Jonathan
    $1200 2
Richard the Lionheart

Jonathan
    $1600 6
[Jonathan says "Mapple" to rhyme with "apple" and Ken corrects it to sound like "maple" as in the tree.]

(Robert) Mapplethorpe

Jonathan
    $1600 7
quetzal

Andrew
    $1600 4
Forest Whitaker

Jonathan
    $1600 25
(Ken: It's Cambridge, so that's a bridge across [*].)

the Cam River

Triple Stumper
    $1600 13
(Bugsy) Siegel

Andrew
    $1600 9
(Sir Walter) Scott

Andrew
    $2000 18
Ai Weiwei

Jonathan
    $2000 15
(Ken: Yes, and you're out of the hole.)

quintessential

Christine
    $2000 3
(Sidney) Lumet

Jonathan
    $2000 24
the Chao Phraya

Triple Stumper
    $2000 17
Monsanto

Andrew
    $5,000 10
Sacré-Cœur (Sacred Heart)

Andrew

Scores at the end of the Double Jeopardy! Round:

Jonathan Andrew Christine
$19,800 $13,800 $2,200

[wagering suggestions for these scores]

Final Jeopardy! Round responses

POETS
(Ken: I know you're good on plays, Jonathan.)
(Ken: [To Andrew] Oliver Wendell Holmes, I assume?)
...
(Ken: [To Jonathan] This is an early American poet, as you knew, but the Maine-born one from the Portland Gazette--[*].)
ChristineWho is Whitman?
$0
AndrewWho is Holmes?
$1,799
JonathanWho is Thoreau?
$7,801
Henry Wadsworth Longfellow

Final scores:

Jonathan Andrew Christine
$11,999 $12,001 $2,200
2nd place: $5,000 Winner: semifinalist 3rd place: $5,000

Game dynamics:

Coryat scores:

Jonathan Andrew Christine
$19,800 $20,800 $3,200
25 R,
2 W
23 R
(including 1 DD),
1 W
(including 1 DD)
5 R,
2 W
(including 1 DD)

Combined Coryat: $43,800

[game clues] [game scores] [suggest correction]

Game tape date: 2022-09-20
The J! Archive is created by fans, for fans. Scraping, republication, monetization, and malicious use prohibited; this site may use cookies and collect identifying information. See terms. The Jeopardy! game show and all elements thereof, including but not limited to copyright and trademark thereto, are the property of Jeopardy Productions, Inc. and are protected under law. This website is not affiliated with, sponsored by, or operated by Jeopardy Productions, Inc. Join the discussion at JBoard.tv.